000 00617nam a2200217Ia 4500
003 GCL
008 140319s9999 xx 000 0 ara d
040 _aGCL /
_cGCL
082 0 4 _a923.2
_bق ا
100 1 _aقلينى فهمى
245 1 0 _aالامير عمر طوسون- حياتة- اثارة- اعمالة /
_cقلينى فهمى
260 _a[S.N] :
_bدار الكتب القومية ،
_c1944
300 _a96 ص
490 _a
650 0 4 _aالعصر الحديث
650 0 4 _aمصر
650 0 4 _aالتاريخ
650 0 4 _aالنبلاء
650 0 4 _aعمر طوسون
942 _2ddc
_cBK
999 _c58684
_d58684